Ч. 3 : Теоретические основы прогнозирования месторождений твердых горючих ископаемых; Угольные бассейны и условия их формирования

Podrobná bibliografie
Parent link:Угольные бассейны и условия их формирования: VI Всесоюзное геологическое угольное совещание, Львов, 1-4 октября 1980 г./ Академия наук СССР ; Междуведомственный литологический комитет ; Академия наук Украинской ССР, Институт геологии и геохимии горючих ископаемых. Ч. 3 : Теоретические основы прогнозирования месторождений твердых горючих ископаемых.— : [Б. и.], 1980
Jazyk:ruština
Vydáno: 1980
Témata:
Médium: MixedMaterials Kniha
KOHA link:https://koha.lib.tpu.ru/cgi-bin/koha/opac-detail.pl?biblionumber=365445

MARC

LEADER 00000nam2a2200000 4500
001 365445
005 20231101044242.0
035 |a (RuTPU)RU\TPU\retro\22808 
035 |a RU\TPU\retro\22806 
090 |a 365445 
100 |a 20211230d1980 k y0rusy50 ca 
101 0 |a rus 
102 |a UA 
105 |a y z 100zy 
200 0 |a Ч. 3 : Теоретические основы прогнозирования месторождений твердых горючих ископаемых 
210 |d 1980 
215 |a 109 с. 
461 1 |0 (RuTPU)RU\TPU\retro\22805  |t Угольные бассейны и условия их формирования  |o VI Всесоюзное геологическое угольное совещание, Львов, 1-4 октября 1980 г.  |o тезисы докладов  |o в 3 ч.  |f Академия наук СССР ; Междуведомственный литологический комитет ; Академия наук Украинской ССР, Институт геологии и геохимии горючих ископаемых  |v Ч. 3 : Теоретические основы прогнозирования месторождений твердых горючих ископаемых  |n [Б. и.]  |d 1980 
606 1 |a Угольные месторождения  |x Геология  |2 stltpush  |3 (RuTPU)RU\TPU\subj\62689 
610 1 |a угленосные формации 
610 1 |a образование 
610 1 |a размещение 
610 1 |a органическое вещество 
610 1 |a накопление 
610 1 |a преобразование 
610 1 |a твердые горючие ископаемые 
610 1 |a прогнозирование 
610 1 |a совещания 
675 |a 553.94(063)  |v 4 
801 1 |a RU  |b 63413507  |c 20211230 
801 2 |a RU  |b 63413507  |c 20211230  |g RCR 
942 |c BK